Manual del guerrero de la luz / (Registro nro. 12686)

Detalles MARC
000 -LIDER
fixed length control field 00744nam a22002537a 4500
003 - IDENTIFICACDOR DE NÚMERO DE CONTROL
control field DO-SdBNP
005 - DATE AND TIME OF LATEST TRANSACTION
control field 20230224113128.0
008 - ELEMENTOS DE LONGITUD FIJA
fixed length control field 171024b 2008 sp| 00| 0 spa d
020 ## - ISBN
International Standard Book Number 9789707803732
040 ## - FUENTE DE CATALOGACIÓN
Agencia que crea de manera original el registro BPMSU
Idioma de catalogación spa
Agencia que realiza la transcripción BPMSU
082 #4 - NÚMERO DE CLASIFICACIÓN DECIMAL DE DEWEY
Classification number B869.3
Item number C672m 2008
Edition number 22
100 1# - ASIENTO PRINCIPAL -- NOMBRE PERSONAL
Nombre personal Coelho, Paulo
Fechas asociadas con el nombre 1947-
245 10 - MENCIÓN DE TITULO
Título Manual del guerrero de la luz /
Mención de responsabilidad Paulo Coelho ; traducción Montserrat Mira
260 ## - PUBLICACIÓN, DISTRIBUCIÓN, ETC. (PIE DE IMPRENTA)
Lugar de publicación, distribución, etc México :
Nombre del editor, distribuidor, etc. Sant Jordi ;
Fecha de publicación, distribución, etc 2008.
300 ## - DESCRIPCIÓN FÍSICA
Extensión 150 p. ;
Dimensiones 19 cm.
500 ## - NOTA GENERAL
Nota general
586 ## - AWARDS NOTE
Awards note Best Seller <br/>
590 ## - NOTA LOCAL
Enlace Inventariado, 2023/VM
650 #4 - ENCABEZAMIENTO DE MATERIA--TEMÁTICO
Término temático o nombre geográfico como elemento de entrada Novela brasileña
Fuente del encabezamiento o término
650 #4 - ENCABEZAMIENTO DE MATERIA--TEMÁTICO
Término temático o nombre geográfico como elemento de entrada Autoestima
Subdivisión de forma Novela
700 1# - ASIENTO SECUNDARIO -- NOMBRE PERSONAL
Nombre personal Mira, Montserrat,
Mención de responsabilidad tr.
910 ## - VALIDACIÓN
Validación BTAVAREZ/VMateo V. Control de calidad (BPMSU)
942 ## - ADDED ENTRY ELEMENTS (KOHA)
Koha item type Libros
Source of classification or shelving scheme Dewey Decimal Classification
Existencias
Withdrawn status Lost status Source of classification or shelving scheme Damaged status Not for loan Collection code Home library Current library Date acquired Source of acquisition Full call number Barcode Date last seen Price effective from Koha item type
    Dewey Decimal Classification     Colección General Biblioteca Pública Metropolitana Salomé Ureña Biblioteca Pública Metropolitana Salomé Ureña 10/24/2017 COMPRA BPMSU CG B869.3 C672m 2008 BPMSU17100141 10/24/2017 10/24/2017 Libros